ARRUPE JESUIT UNIVERSITY

CORONAVIRUS -STOP THE SPREAD - CLEAN,DISINFECT,COVER

The organisation of thought, educational and scientific, (Record no. 125222)

MARC details
000 -LEADER
fixed length control field 01146nam a2200277 4500
001 - CONTROL NUMBER
control field 3364711
003 - CONTROL NUMBER IDENTIFIER
control field ARRUPE
005 - DATE AND TIME OF LATEST TRANSACTION
control field 20160913120653.0
008 - FIXED-LENGTH DATA ELEMENTS--GENERAL INFORMATION
fixed length control field 740412s1917 enk 000 0 eng c
010 ## - LIBRARY OF CONGRESS CONTROL NUMBER
LC control number e 18000079
035 ## - SYSTEM CONTROL NUMBER
System control number (OCoLC)ocm00855697
040 ## - CATALOGING SOURCE
Original cataloging agency MRC
Transcribing agency MRC
Modifying agency ZCU
050 0# - LIBRARY OF CONGRESS CALL NUMBER
Classification number LB41
Item number .W5
082 ## - DEWEY DECIMAL CLASSIFICATION NUMBER
Classification number 370/.8
099 ## - LOCAL FREE-TEXT CALL NUMBER (OCLC)
Classification number 370.1
-- W587
300 ## - PHYSICAL DESCRIPTION
Dimensions 23 cm.
100 1# - MAIN ENTRY--PERSONAL NAME
Personal name Whitehead, Alfred North,
Dates associated with a name 1861-1947.
9 (RLIN) 25725
245 14 - TITLE STATEMENT
Title The organisation of thought, educational and scientific,
Statement of responsibility, etc by A. N. Whitehead ...
260 ## - PUBLICATION, DISTRIBUTION, ETC. (IMPRINT)
Place of publication, distribution, etc Miami,
Name of publisher, distributor, etc Hard Press,
Date of publication, distribution, etc 1917.
300 ## - PHYSICAL DESCRIPTION
Extent vii, 228 p.
440 ## - SERIES STATEMENT/ADDED ENTRY--TITLE
Title Classics series
9 (RLIN) 25726
500 ## - GENERAL NOTE
General note Published originally in 1917
505 0# - FORMATTED CONTENTS NOTE
Formatted contents note Preface.--I. The aims of education--a plea for reform.--II. Technical education and its relation to science and literature.--III. A polytechnic in war-time.--IV. The mathematical curriculum.--V. The principles of mathematics in relation to elementary teaching.--VI. The organisation of thought.--VII. The anatomy of some scientific ideas.--VIII. Space, time, and relativity.
650 #0 - SUBJECT ADDED ENTRY--TOPICAL TERM
Topical term or geographic name as entry element Education.
9 (RLIN) 18163
942 ## - ADDED ENTRY ELEMENTS (KOHA)
Source of classification or shelving scheme Library of Congress Classification
Koha item type Monograph ( Printed materials)
Holdings
Withdrawn status Lost status Source of classification or shelving scheme Damaged status Not for loan Collection code Home library Current library Shelving location Date acquired Total Checkouts Full call number Barcode Date last seen Price effective from Koha item type
    Library of Congress Classification     Main Collection ARRUPE LIBRARY ARRUPE LIBRARY Main Collection 13/09/2016   LB41 .W64 46500010164 28/06/2018 13/09/2016 Monograph ( Printed materials)

 

Arrupe Library. PO Box MP320 Mt Pleasant, Harare, Zimbabwe
263 242 745411|librarian@aju.ac.zw